قاموس جون ديوى للتربية : (Record no. 6787)
[ view plain ]
| 000 -الفاتح | |
|---|---|
| حقل البيانات ثابتة الطول | 01073nac a22001931u 4500 |
| 008 - عناصر البيانات ثابتة الطول - معلومات عامة | |
| حقل البيانات ثابتة الطول | 101111s1964xxu||||| ||| 00| 00| 0 ara |
| 082 ## - رقم تصنيف ديوى العشرى | |
| رقم التصنيف | 370.3 |
| رقم المادة | د ي و |
| 100 1# - المدخل الرئيسى - إسم شخصى | |
| الإسم الشخصى | ديوى ، جون |
| 9 (RLIN) | 13681 |
| 245 ## - بيان العنوان | |
| العنوان | قاموس جون ديوى للتربية : |
| بقية العنوان | مختارات من مؤلفاته / |
| بيان المسئوليه,etc | جون ديوى ؛ جمعها رالف ن. وين ؛ ترجمة وتقديم محمد على العريان |
| 260 ## - PUBLICATION, DISTRIBUTION, ETC. (IMPRINT) | |
| مكان الناشر او الموزع | القاهرة : |
| اسم الناشر او الموزع | مكتبة الأنجلو المصرية ،1964 |
| تاريخ النشر أو التوزيع | 1964. |
| 300 ## - الوصف المادى | |
| التعداد | 229 ص ؛ |
| أبعاد الوعاء | 24 سم. |
| 500 ## - تبصرة عامة | |
| تبصرة عامة | ترجمة لكتاب "Dictionary of Education/ John Dewey; edited by Ralph B. Winn. |
| 511 ## - | |
| -- | Catalogued by: Sara |
| 650 ## - المدخل الاضافى بالموضوع-مصطلح موضوعى | |
| مصطلح موضوعي أو اسم جغرافي كعنصر مدخل | التربية |
| 9 (RLIN) | 21186 |
| التقسيم الفرعي الشكلي | معاجم |
| 700 ## - المدخل الاضافى - اسم شخصى | |
| الإسم الشخصى | وين، رالف ن |
| 9 (RLIN) | 21188 |
| الدور | تجميع |
| 700 ## - المدخل الاضافى - اسم شخصى | |
| الإسم الشخصى | العريان ، محمد على |
| 9 (RLIN) | 21189 |
| الدور | ترجمة وتقديم |
| 942 ## - عناصر المدخل الإضافي( كوها) | |
| Koha [default] item type | Book - Borrowing |
| سابقة رقم الطلب | 370.3 د ي و |
| مصدر التصنيف او مخطط الترفيف | Dewey Decimal Classification |
| حالة التراجع | حالة الفقد | مصدر التصنيف او خطة الترفيف | حالة تلف | ليس للاعارة | مجموعات كوها | المكان الدائم | المكان الحالي | موقع الترفيف | تاريخ الاكتساب | Source of acquisition | رقم الاستدعاء | الباركود | Date last seen | نوع الوعاء |
|---|---|---|---|---|---|---|---|---|---|---|---|---|---|---|
| Dewey Decimal Classification | Alef-Baa | Central Library | Central Library | First floor | 06/12/2007 | 370.3 د ي و | 000008437 | 15/07/2025 | Book - Borrowing |